| 000 | 00769nam a2200205Ia 4500 | ||
|---|---|---|---|
| 005 | 20240530101926.0 | ||
| 008 | 140319s1991 xx 000 0 ara d | ||
| 040 |
_aGCL / _cGCL |
||
| 082 | 0 | 4 |
_a411 / _bا ك |
| 100 | _aابن مرزبان الباحث | ||
| 245 | 1 | 0 |
_aكتاب الالفاظ : _bالكتابة والتعبير / _cتاليف ابن مرزبان الباحث ؛ محقق حامد صادق قنيبيى |
| 260 |
_aعمان : _bدار البشير للنشر والتوزيع ، _c1991 |
||
| 300 |
_a219 ص؛ _c24 سم |
||
| 650 | 0 | 7 | _2الالفاظ |
| 650 | 0 | 7 | _2اللغة العربية |
| 650 | 0 | 7 | _2ابن مرزبان |
| 700 |
_aحامد صادق قنيبيى _eمحقق |
||
| 942 |
_2ddc _cBK |
||
| 999 |
_c28759 _d28759 |
||